Дело о предоставлении Мариинского театра "Крестовому обществу" для устройства в пользу общества живых картин на третьей неделе В...

Доступно только в Электронных читальных залах Найти на картеНа карте
RUSMARC
00003760nmc2a22002413x 450
00158bcb35b-71f4-438a-b634-d13ffeea58e3
00520201001022935.0
100##$a20200303l19001900k l0rusy0189 ca
1010#$arus
102##$aRU
105##$ay###
1222#$ad
2001#$aДело о предоставлении Мариинского театра "Крестовому обществу" для устройства в пользу общества живых картин на третьей неделе Великого поста 1901 года
$j16 февраля - 8 мая 1900 г.
215##$a5 л.
$d36,5х26 см
251##$cДело
300##$aНа бланке обложки указано: "Дело Санкт-Петербургской конторы императорских театров"
371##$aДокумент не является опубликованным и широко распространяемым
461#0$10019264ebf8-de62-4f1a-9eb4-9f22098dbbd5
$12001
$aДирекция императорских театров МИДв
$1251
$cФонд
$1852
$j497
462#0$10016d2858c7-947f-46a8-934e-c3d97596ebca
$12001
$aДирекция императорских театров (1879-1918 гг.)
$1251
$cОпись
$1852
$j6
801#0$aRU
$bРГИА
$c20200303
$gRCR
801#1$aRU
$bГлавНИВЦ
$c20200303
$2rusmarc
801#2$aRU
$bПБ им. Б.Н. Ельцина
$c20201001
$gRCR
$2rusmarc
850##$aРГИА
852##$aРГИА
$eФедеральное казенное учреждение "Российский государственный исторический архив" (РГИА)
$j4598
937##$hРГИА
$d12340221
$aASBIBLIO_SCAN
035##$aRusGRCC00001183
856##$uhttp://readingroom.main.prlib.ru/item.aspx?id_node=n147395647&mode=full
Формат отображения